Songs nach erstem Vers (70s Edition) - Statistiken

Allgemein
  • Dieses Quiz wurde 207 mal gespielt
  • Das Durchschnittsergebnis liegt bei 6 aus 15
Antwortstatistiken
Vers Interpret Jahr Song % Korrekt
You can dance, you can jive ABBA 1976 Dancing Queen
88%
Es war schon dunkel Udo Jürgens 1974 Griechischer Wein
86%
She's crazy like a fool Boney M. 1976 Daddy Cool
85%
Buddy, you're a boy, make a big noise Queen 1977 We Will Rock You
73%
We don′t need no education Pink Floyd 1979 Another Brick in the Wall
63%
Well, you can tell by the way I use my walk Bee Gees 1977 Stayin' Alive
58%
Mama take this badge from me Bob Dylan 1973 Knockin’ on Heaven’s Door
39%
See me ride out of the sunset AC/DC 1975 T.N.T.
33%
I, I will be king David Bowie 1977 Heroes
30%
Just a castaway, an island lost at sea, oh The Police 1979 Message in a Bottle
23%
Well, we got no choice Alice Cooper 1972 School’s Out
21%
On the first part of the journey I was looking at all the life America 1971 A Horse With No Name
18%
A church house, gin house Ike & Tina Turner 1973 Nutbush City Limits
11%
Girl, close your eyes Michael Jackson 1979 Rock with You
7%
When the sun shines on the mountains George Baker Selection 1975 Paloma Blanca
5%
Keine übereinstimmenden Quizze gefunden
Verteilung der Resultate
Anzahl Personen mit jedem Resultat
Perzentil nach korrekt beantworteten Fragen
Ihre Resultats-Entwicklung
Sie haben dieses Quiz noch nicht gespielt